000 00221nam a2200097Ia 4500
008 220204s9999 xx 000 0 und d
082 _a82-3
_bJOS
100 _aNiharika
245 0 _aMystery of the Fake Arjuna
942 _cBK
999 _c38594
_d38594